000 00446nam a2200181Ia 4500
001 19925
005 20260306172728.0
008 260306t2005||||xx |||||||||||||| ||spa||
041 _aESP
082 _a341.4
_bP99O
100 _aPuy Muñoz, Francisco
_eAUT
245 0 _aLa argumentación de los operadores jurídicos
260 _c2005
300 _a468 páginas :
_c23 cm.
650 _aGEN
654 _aCDE
942 _cLIB
_dJUS
_fJUS
_2ddc
_n
999 _c19925
_d19925